Thiết kế chống ồn cho nhà ở và công trình công cộng.
TCVN 4923-1989: Phương tiện và phương pháp chống ồn - phân loại. TCVN 5949-1998: Âm học - tiếng ồn khu vực công cộng và dân cư. TCXD 150-1986: Thiết kế chống ồn. TCXD 175-1990: Tiêu chuẩn thiết kế.
Đã lưu trong:
| Định dạng: | Sách |
|---|---|
| Ngôn ngữ: | Vietnamese |
| Được phát hành: |
Hà Nội :
Xây dựng,
1999.
|
| Những chủ đề: | |
| Các nhãn: |
Thêm thẻ
Không có thẻ, Là người đầu tiên thẻ bản ghi này!
|
| Thư viện lưu trữ: | Mạng thư viện Đại học Đà Nẵng |
|---|
| LEADER | 01096cam a2200325 i 4500 | ||
|---|---|---|---|
| 001 | 000042466 | ||
| 003 | 340 | ||
| 005 | 20030922103617.0 | ||
| 008 | 010217b1999 vm 000 vie | ||
| 020 | |c 15000 | ||
| 040 | |a IRC |c IRC |d IRC | ||
| 041 | 0 | |a vie | |
| 082 | 1 | 4 | |a 690.0218 |b Th-K |
| 245 | 0 | 0 | |a Thiết kế chống ồn cho nhà ở và công trình công cộng. |
| 260 | |a Hà Nội : |b Xây dựng, |c 1999. | ||
| 300 | |a 48tr. ; |c 31cm. | ||
| 520 | 3 | |a TCVN 4923-1989: Phương tiện và phương pháp chống ồn - phân loại. TCVN 5949-1998: Âm học - tiếng ồn khu vực công cộng và dân cư. TCXD 150-1986: Thiết kế chống ồn. TCXD 175-1990: Tiêu chuẩn thiết kế. | |
| 630 | 0 | 4 | |a Xây dựng. |
| 630 | 0 | 4 | |a Tiêu chuẩn xây dựng. |
| 650 | 0 | 4 | |a Công trình xây dựng |x Chống ồn |x Tiêu chuẩn xây dựng. |
| OWN | |a DUT | ||
| 999 | |a From the UDN01 | ||
| TYP | |a Monograph | ||
| TYP | |a Printed language | ||
| 980 | |a Mạng thư viện Đại học Đà Nẵng | ||